书目信息 |
| 题名: |
电机修理
|
|
| 作者: | ;西安交通大学 编 | |
| 分册: | ||
| 出版信息: | 西安 陕西科学技术出版社 1980 |
|
| 页数: | 295页 | |
| 开本: | 19cm | |
| 丛书名: | ||
| 单 册: | ||
| 中图分类: | TM307 | |
| 科图分类: | ||
| 主题词: | 电机--维修 | |
| 电子资源: | ||
| ISBN: | ||
| 000 | 00632nam0 2200241 45 | |
| 001 | 0180006370 | |
| 005 | 20060814093303.46 | |
| 010 | @dCNY0.70 | |
| 091 | @a15202.10 | |
| 100 | @a19950615d1980 em y0chiy0121 ea | |
| 101 | 0 | @achi |
| 102 | @aCN@b610000 | |
| 105 | @ay z 000yy | |
| 200 | 10 | @a电机修理@Adian ji xiu li@f西安交通大学编 |
| 205 | @a新1版 | |
| 210 | @a西安@c陕西科学技术出版社@d1980 | |
| 215 | @a295页@d19cm | |
| 606 | @a电机@x维修 | |
| 690 | @aTM307@v3 | |
| 711 | 02 | @a西安交通大学@Axi an jiao tong da xue@4编 |
| 801 | 0 | @aCN@b上海图书馆@c20060814 |
| 801 | 2 | @aCN@bNLC@c20060727 |
| 905 | @f1@b10026@dTM307@e10 | |
| 电机修理/西安交通大学编.-新1版.-西安:陕西科学技术出版社,1980 |
| 295页;19cm |
| ISBN :CNY0.70 |
| ● |
| 相关链接 |
|
|
|
|
正题名:电机修理
索取号:TM307/10
 
预约/预借
| 序号 | 登录号 | 条形码 | 馆藏地/架位号 | 状态 | 备注 |
| 1 | 0010026 | 001344682 | 第三借阅区/ [索取号:TM307/10] | 在馆 | |
| 2 | 0013113 | 001344726 | 第二样本阅览室/ [索取号:TM307/10] | 在馆 | |
| 3 | 0438731 | 204387314 | 密集书库/ [索取号:TM307/10] | 在馆 | |
| 4 | 0458084 | 204580845 | 密集书库/ [索取号:TM307/10] | 在馆 |